Statistics for World Capitals Closest to Warsaw

Click here to take the quiz!

General Stats

  • This quiz has been taken 238 times
  • The average score is 16 of 20

Answer Stats

kmcapitalmiles% Correct
518Berlin322
98%
517Prague321
93%
534Bratislava332
90%
546Budapest339
90%
476Minsk296
90%
393Vilnius244
89%
561Riga349
88%
556Vienna346
87%
812Stockholm504
85%
691Kiev429
84%
916Helsinki569
82%
948Bucharest589
80%
673Copenhagen418
80%
1064Oslo661
80%
835Tallinn519
73%
803Zagreb499
73%
830Belgrade516
68%
834Ljubljana518
60%
952Sarajevo592
60%
814Chișinău506
56%

Score Distribution

Percentile by Number Answered

Percent of People with Each Score

Your Score History

You have not taken this quiz